| 000 | 00443nam a2200157Ia 4500 | ||
|---|---|---|---|
| 008 | 210716s2017 xx 000 0 und d | ||
| 020 | _a9789386446763 | ||
| 041 | _aeng | ||
| 082 | _a658.403 BANA | ||
| 100 | _aBanerjee, Arindam;Banerjee, Tanushri. | ||
| 245 | _aWeaving analytics for effective decision making. | ||
| 250 | _a1 | ||
| 260 |
_aNew Delhi _bSage Publications _c2017 |
||
| 300 | _axiv,162 | ||
| 650 | _aDecision making(658.403) | ||
| 999 |
_c210607 _d210607 |
||